00452nam a22001217a 450000500170000000800410001710000270005824500890008526000090017430000300018350000860021350000310029920171010095508.0110705t xxu||||| |||| 00| 0 eng d aAguinaldo, Marilyn C.  cMarilyn C. AguinaldoaMicroclimate modification through tobacco-legume intercropping c1984 axiii, 102 leaves c28 cm. aThesis (M.S. Agrometeorology) -- University of the Philippines, Los Banos, Laguna aBibliography: leaves 85-90